Potęgowanie - Statystyki

Ogólne statystyki
  • Ten quiz został rozwiązany 48 razy
  • Średni wynik to 31 z 42
Statystyki odpowiedzi
Hint Odpowiedź % Poprawnych
1
100%
1
100%
4
100%
9
100%
16
98%
25
98%
36
98%
49
98%
8
98%
10² 100
95%
64
95%
64
95%
81
95%
11² 121
85%
12² 144
80%
13² 169
80%
15² 225
80%
27
80%
125
76%
20² 400
76%
14² 196
73%
16² 256
71%
216
66%
17² 289
63%
10³ 1000
63%
18² 324
61%
19² 361
61%
30² 900
61%
21² 441
56%
22² 484
54%
343
51%
23² 529
51%
24² 576
51%
25² 625
51%
31² 961
51%
32² 1024
49%
26² 676
49%
27² 729
49%
729
49%
28² 784
49%
29² 841
49%
512
46%
Nie znaleziono quizów pasujących do podanych kryteriów
Rozkład punktacji
Procent ludzi z każdym wynikiem
Percentyl według liczby udzielonych odpowiedzi
Twoja historia wyników
Nie rozwiązałeś tego quizu